Holotypes of recent mammals in Texas natural history collections (Registro nro. 11543)

Detalles MARC
000 -CABECERA
Campo de control 005330000a22001690004500
090 ## - CLASIFICACIÓN LOCAL
Colección AR
Consecutivo 02476
041 0# - IDIOMA
Código de idioma para texto/pista de sonido o título separado
100 1# - ASIENTO PRINCIPAL--NOMBRE PERSONAL
Nombre personal Schmidly, David J.
245 10 - MENCION DE TITULO
Título Holotypes of recent mammals in Texas natural history collections
650 14 - ASIENTO SECUNDARIO DE MATERIA - TERMINO TEMATICO
Término temático o nombre geográfico como elemento de entrada Sistemática animal
650 14 - ASIENTO SECUNDARIO DE MATERIA - TERMINO TEMATICO
Término temático o nombre geográfico como elemento de entrada Mamíferos
650 14 - ASIENTO SECUNDARIO DE MATERIA - TERMINO TEMATICO
Término temático o nombre geográfico como elemento de entrada Holotipos
651 #4 - ASIENTO SECUNDARIO DE MATERIA - NOMBRE GEOGRAFICO
-- Texas
-- Estados Unidos
700 1# - ASIENTO SECUNDARIO - NOMBRE PERSONAL
Nombre personal Jones, J. Knox
773 1# - Item fuente:
Título Occasional Papers: Museum of Texas Tech University
Especificación de materiales 430
Descripción física 92
Paginas del Articulo 1-12
Lugar, editorial y fecha de publicación 1984
942 ## - ELEMENTOS ADICIONALES (KOHA)
Tipo de ítem Artículo
Existencias
Withdrawn status Lost status Damaged status No para préstamo Colección Ubicación Permanente Ubicación actual Fecha de adquisición Fuente de Valor Datos de publicación Seriada Total Checkouts Número topográfico Inventario / Código de Barras Date last seen Ejemplar Price effective from Forma de adquisición Tipo de material
      No para Préstamo Hemeroteca Bogotá Bogotá 27/02/2015 Flórez, Camilo José Fuera de circulación   AR 02476 012884 25/03/2015 1 25/03/2015   Artículo